000 00611cac a22002051u 4500
090 _c5927
008 081119t2000 xxu||||| |||| 00| 0 eng d
020 _a3829020376
082 _a190
_bDEL
100 _aDelius, Christoph
_91267
245 _athe story of philosophy:
_bfrom antiquity to the present/
_cChristoph Delius [et...]
260 _acologne:
_bKonemann,
_cc2000
260 _bDistributer: Al-Ahram.
300 _a120p.:
_bcol. ill;
_c28 cm.
650 _aphilosophy
_xhistory
700 _aGatzemeier, Matthias
700 _aSertcan deniz
700 _awunscher kathleen
942 _cBB
_k190DEL
_2ddc
999 _c9626
_d9626